Statistics for Countries Closest to Antarctica

Click here to take the quiz!

General Stats

  • This quiz has been taken 31 times
  • The average score is 17 of 20

Answer Stats

MilesCountry% Correct
775.1Argentina
100%
1615.8Australia
100%
525.9Chile
100%
1520.2New Zealand
100%
1956.9Brazil
97%
2436.7South Africa
97%
1867.1Uruguay
97%
2908.4Namibia
93%
2393.4Paraguay
90%
2882.6Botswana
80%
2610.1Lesotho
80%
2770.2Madagascar
80%
2795.6Mozambique
80%
3073.0Peru
80%
3125.6Zimbabwe
80%
2771.0Bolivia
77%
2776.2Eswatini
77%
3481.7Zambia
77%
3447.5Vanuatu
60%
3123.4Mauritius
53%

Score Distribution

Percentile by Number Answered

Percent of People with Each Score

Your Score History

You have not taken this quiz